000
00336nam a2200145Ia 4500
008
150201s2010 xx 000 0 und d
082
_a
611
_b
H10R
100
_a
RAJE, V.N.
245
_a
HUMAN ANATOMY AND PHYSIOLOGY
250
_a
1ST
260
_b
CBS
_a
DELHI
_c
2010
300
_a
1-165
650
_a
HUMAN ANATOMY
942
_2
ddc
_c
BK
_0
2
999
_c
1323
_d
1323